Earthquake shock / (Record no. 13954)

000 -LEADER
fixed length control field 00892cam a22002297i 4500
020 ## - ISBN
ISBN 9780545530446
020 ## - ISBN
ISBN 054553044X
082 ## - DEWEY DECIMAL CLASSIFICATION NUMBER
Classification number Fic K38 2014
100 1# - MAIN ENTRY--PERSONAL NAME
Personal name Kennedy, Marlane.
245 10 - TITLE STATEMENT
Title Earthquake shock /
Statement of responsibility, etc. by Marlane Kennedy ; illustrated by Erwin Madrid.
260 ## - PUBLICATION, DISTRIBUTION, ETC. (IMPRINT)
Place of publication, distribution, etc. New York, NY :
Name of publisher, distributor, etc. Scholastic Inc.,
Date of publication, distribution, etc. c2014.
300 ## - PHYSICAL DESCRIPTION
Extent/Page number 108 pages :
Other physical details illustrations ;
Dimensions 20 cm.
337 ## - MEDIA TYPE
Media type term unmediated
490 1# - SERIES STATEMENT
Series statement Disaster strikes
520 ## - SUMMARY, ETC.
Summary, etc. When a sudden earthquake hits during a visit to the skate park, Joey and his friends are trapped on opposite sides of a collapsed overpass and must rescue each other while enduring aftershocks and making their way safely home.
526 ## - STUDY PROGRAM INFORMATION NOTE
PROGRAM TYPE FICTION
650 #0 - SUBJECT ADDED ENTRY--TOPICAL TERM
Topical term or geographic name as entry element Earthquakes--Juvenile fiction.
650 #0 - SUBJECT ADDED ENTRY--TOPICAL TERM
Topical term or geographic name as entry element Rescue work--Juvenile fiction.
650 #0 - SUBJECT ADDED ENTRY--TOPICAL TERM
Topical term or geographic name as entry element Survival--Juvenile fiction.
700 1# - ADDED ENTRY--PERSONAL NAME/OTHER AUTHORS
Personal name Madrid, Erwin.
942 ## - ADDED ENTRY ELEMENTS
Classification
Item type Book
Holdings
Withdrawn status Lost status Source of classification or shelving scheme Damaged status Not for loan Collection code Permanent Location Current Location Shelving location Date acquired Source of acquisition Inventory number Total Checkouts Full call number Barcode Date last seen Date last checked out Copy number Price effective from Item type
          Fiction High School Library High School Library   2025-12-09 Scholastic 8338 1 Fic K38 2014 HS8338 2026-02-12 2026-02-12 1 2025-12-09 Book
          Fiction High School Library High School Library   2025-12-09 Scholastic 8362 1 Fic K38 2014 c.2 HS8362 2026-02-12 2026-02-12 2 2025-12-09 Book
          Fiction High School Library High School Library DEAR 2025-12-09 Scholastic 8363   Fic K38 2014 c.3 HS8363 2026-02-12   3 2025-12-09 Book